000 00508nam a22001457a 4500
008 120319t xxu||||| |||| 00| 0 eng d
050 _aBR 1443 .K4
_bA54 2002
245 _aThe Anglican Church of Kenya Constitution/
_cThe Anglican Church of Kenya
260 _aNairobi
_bThe Anglican Church of Kenya and Uzima Press
_c2002
300 _aiii,106p.
500 _aincludes bibliographical references
650 _bAnglican Church of Kenya
_vGovernment
700 _aAnglican Church of Kenya
942 _2lcc
_cBK
999 _c40517
_d40517